| 000 | 01841na a2200409 4500 | ||
|---|---|---|---|
| 999 |
_c7237 _d7237 |
||
| 001 | 19760 | ||
| 003 | MIRAKIL | ||
| 005 | 20210407115427.0 | ||
| 008 | 161226b tu 000 0 | ||
| 035 | _a19760 | ||
| 040 |
_aTR-AnCHP _btur _cTR-AnCHP |
||
| 041 | _atur | ||
| 082 |
_aCHP 324.2372 _bK44s 2011 |
||
| 090 | _aBROŞÜR 138 | ||
| 100 |
_aKılıçdaroğlu, Kemal _cCHP Genel Başkanı |
||
| 240 |
_aSöz veriyoruz _f2011 |
||
| 245 |
_aSöz veriyoruz _bBiz engelli bireylerin ....kabul edildiği bir Türkiye sözü veriyoruz _c[Kemal Kılıçdaroğlu] |
||
| 246 | _aBiz engelli bireylere söz veriyoruz | ||
| 260 |
_aAnkara _bCHP _c2011 |
||
| 300 |
_aktl. broşür _brnkl. fotg. _c20 sm. |
||
| 440 |
_aCumhuriyet Halk Partisi yayınları _pSöz veriyoruz dizisi |
||
| 500 | _aBaşka yapıt adı: CHP iktidarı için, el ele ve güvenle, yarının güzel günlerine | ||
| 600 |
_aKılıçdaroğlu, Kemal _xPropaganda ve ideolojiler _yEngelliler politikası |
||
| 600 |
_aKılıçdaroğlu, Kemal _cCHP Genel Başkanı _xSeçim kampanyaları, 2011 _yEngelliler |
||
| 610 |
_aCHP _xEngelliler sorunu _yÇözüm önerileri |
||
| 610 |
_aCHP _xSeçim kampanyaları, 2011 _yEngelliler politikası |
||
| 610 |
_aCHP _xPropaganda ve ideolojiler _yKılıçdaroğlu dönemi _yGenel seçimler, 2011 |
||
| 651 |
_aTürkiye _xSiyaset ve yönetim _y2011- |
||
| 740 | _aBiz engelli bireylere söz veriyoruz | ||
| 740 | _aBiz engelli bireylerin çağdaş yaşamın gerektirdiği olanaklara her alanda kavuşmalarının temel bir hakkı olarak kabul edildiği bir Türkiye sözü veriyoruz | ||
| 830 | _aSöz veriyoruz dizisi | ||
| 830 | _aCHP broşürleri | ||
| 942 |
_2ddc _cBKS |
||
| 999 | _d7237 | ||